الاتجاهات الحديثة في طرائق تدريس التربية الدينية الإسلامية / (رقم التسجيلة. 242936)

تفاصيل مارك
000 -الفاتح
عناصر البيانات ثابتة الطول 00843cam a2200217 i 4500
005 - تاريخ ووقت آخر معاملة
حقل ضبط 20251120090840.0
008 - عناصر البيانات ثابتة الطول
عناصر البيانات ثابتة الطول 250721s2007 ts gr 000 0 ara d
082 14 - رقم تصنيف ديوي العشري
رقم التصنيف 210.71
رقم المادة م و س
100 1# - مدخل رئيسي – اسم شخصي
الاسم الشخصي موسى، مصطفى إسماعيل
علاقة الشخص بالعمل/ دوره مؤلف.
245 12 - بيان العنوان
العنوان الاتجاهات الحديثة في طرائق تدريس التربية الدينية الإسلامية /
بيان المسؤولية تأليف الدكتور مصطفى إسماعيل موسى.
250 ## - بيان الطبعة
بيان الطبعة الطبعة الثانية.
264 31 - بيانات النشر، التوزيع…إلخ
مكان النشر، التوزيع...إلخ العين :
اسم الناشر، الموزع...إلخ دار الكتاب الجامعي،
تاريخ النشر، التوزيع...إلخ 2007.
300 ## - الوصف المادي
عدد الوحدات المكونة للوعاء 514 صفحة.
650 17 - مدخل إضافي بالموضوع - مصطلح موضوعي
مصطلح موضوعي أو اسم جغرافي كعنصر مدخل طرق التدريس.
650 17 - مدخل إضافي بالموضوع - مصطلح موضوعي
مصطلح موضوعي أو اسم جغرافي كعنصر مدخل التعلم.
650 17 - مدخل إضافي بالموضوع - مصطلح موضوعي
مصطلح موضوعي أو اسم جغرافي كعنصر مدخل الإسلام.
650 17 - مدخل إضافي بالموضوع - مصطلح موضوعي
مصطلح موضوعي أو اسم جغرافي كعنصر مدخل التربية الدينية.
650 17 - مدخل إضافي بالموضوع - مصطلح موضوعي
مصطلح موضوعي أو اسم جغرافي كعنصر مدخل التربية الإسلامية.
942 ## - بيانات إضافية (كوها)
نوع التنصيف Dewey Decimal Classification
نوع المادة (كوها) كتب
المقتنيات
حالة السحب حالة الفقدان مصدر التصنيف حالة التلف غير قابل للإعارة المكتبة الرئيسية المكتبة الحالية موقع الرف تاريخ التزويد العملة الرقم المتسلسل Total Checkouts رقم الإستدعاء الباركود تاريخ آخر ظهور تاريخ الفاتورة نوع المادة (كوها)
    Dewey Decimal Classification     المكتبة المركزية المكتبة المركزية الإعارة 20/11/2025 JOD 1457525   210.71 / م و س PLD00165501 20/11/2025 20/11/2025 كتب
Implemented & Customized by: BBB with SCIT (Smart Chains for Information Technology)

Powered by Koha